Qui est l'artiste parodié ? #2 - Statistiques

Statistiques générales
  • Ce quiz a été pris 115 fois
  • Le résultat moyen est 7 sur 16
Statistiques - réponses
Par images Réponse % Correct
JUL
96%
Koba La D
66%
Freeze Corleone
63%
Kendji Girac
63%
Ziak
59%
SCH
50%
Julien Doré
47%
Sofiane
45%
Vianney
45%
L'algérino
43%
Luis Fonsi
39%
Yannick Noah
27%
Hamza
20%
Niska
17%
Justin Bieber
16%
Heuss L'enfoiré
6%
Aucun quiz correspondant
Distribution des résultats
% des personnes avec chaque résultat
Percentile par nombre de réponses
Votre historique - résultats
Vous n’avez pas pris ce quiz